[Event "22nd Hoogeveen Open 2018"]
[Site "Hoogeveen"]
[Date "2018.10.21"]
[Round "2"]
[White "Buckels, Valentin"]
[Black "Elgersma, Onno"]
[Result "1/2-1/2"]
[WhiteElo "2413"]
[BlackElo "2223"]
[Annotator "TA"]
[PlyCount "68"]
[EventDate "2018.10.20"]
[EventType "swiss"]
[EventCountry "NED"]
[SourceTitle "playchess.com"]
[Source "ChessBase"]
[SourceQuality "1"]

{[%evp 15,68,13,18,25,12,2,13,10,28,28,28,22,20,18,12,27,12,24,36,45,47,0,0,-9,-6,0,0,-9,-14,-6,-8,-9,0,-118,0,0,0,0,0,-362,-359,-362,-353,-341,-315,-374,-362,-304,0,0,0,-227,0,0,0]} 1. Nf3 Nf6 2. g3 e6 3. Bg2 d5 4. O-O Be7 5. c4 O-O 6. b3 c5 7. Bb2 b6 8. cxd5 Nxd5 9. d4 {A14: English Opening: 1...e6 with b3 by White} Bb7 10. e4 (10. dxc5 Bxc5 11. Nc3 Nd7 12. Nxd5 Bxd5 13. Qd3 Qe7 14. Rad1 Rfd8 15. Qc3 Nf6 16. Qe5 Rac8 17. Nh4 Bxg2 18. Rxd8+ Qxd8 19. Kxg2 {½-½ (45) So,W (2778)-Kramnik,V (2792) Paris 2018}) 10... Nf6 11. Nbd2 $146 ({Predecessor:} 11. e5 Nd5 12. dxc5 Bxc5 13. a3 Nd7 14. Nbd2 Re8 15. Re1 Be7 16. Nd4 Nc5 {0-1 (58) Rodriguez Vila,A (2483)-Molina,R (2453) Buenos Aires 2017}) 11... Nxe4 12. Ne5 Nd6 $1 13. dxc5 bxc5 14. Qg4 f5 15. Qe2 Bxg2 16. Kxg2 Qc8 17. Rac1 Bf6 18. Ba3 Na6 19. Nd3 {[%cal Rd3c5]} Nb5 20. Nxc5 Nac7 21. Nb1 Nd4 22. Qc4 {With the idea Ne4!} Nd5 $36 {[%mdl 2048] aiming for ...Qc6. Black has the initiative.} 23. Qa6 Qe8 24. Rcd1 (24. Nd2 $11 {keeps the balance.}) 24... Nf4+ (24... Nc7 $17 25. Qc4 Qc6+ 26. f3 Ncb5) 25. gxf4 $11 {Nd2 is the strong threat.} Qg6+ $1 26. Kh1 {Threatens to win with Nd7.} Nf3 $1 {( -> ...Qh5)} 27. h3 $2 {[%mdl 8192] [#]} (27. Qxe6+ $11 {and White has nothing to worry.} Kh8 28. Nd2) 27... Qh5 $1 $19 {[%cal Rh5h3]} 28. Kg2 {And now Nd2 would win.} Nh4+ 29. Kh2 {[#]} Qf3 $1 {[%csl Gh4][%cal Rf3g2]} 30. Qb7 {Strongly threatening Qxf3.} Qxf4+ 31. Kg1 ({Don't go for} 31. Kh1 $2 Be5 $19) 31... Nf3+ 32. Kg2 Nh4+ $1 33. Kg1 $1 ({Not} 33. Kh1 $2 Be5 $19) 33... Nf3+ $2 (33... Rab8 $19 34. Nxe6 Nf3+ 35. Qxf3 Qxf3 36. Bxf8 Rxf8 37. Nxf8 Kxf8) 34. Kg2 $11 Nh4+ $1 {Precision: White = 58%, Black = 60%.} 1/2-1/2

[Event "22nd Hoogeveen Open 2018"]
[Site "Hoogeveen"]
[Date "2018.10.21"]
[Round "2"]
[White "Van Delft, Merijn"]
[Black "Winkels, Marcel"]
[Result "1-0"]
[WhiteElo "2381"]
[BlackElo "1935"]
[Annotator "TA"]
[PlyCount "79"]
[EventDate "2018.10.20"]
[EventType "swiss"]
[EventCountry "NED"]
[SourceTitle "playchess.com"]
[Source "ChessBase"]
[SourceQuality "1"]

{[%evp 21,79,0,4,17,18,9,39,22,10,0,20,19,23,25,16,18,60,36,26,22,120,120,120,120,113,106,113,121,118,107,158,149,160,147,150,110,171,154,157,143,138,144,198,197,161,99,195,190,214,195,354,359,768,756,834,813,1067,1009,29980,29981]} 1. e4 c5 2. Nf3 d6 3. d4 cxd4 4. Nxd4 Nf6 5. Nc3 a6 6. h3 e5 7. Nde2 h5 {B90: Sicilian Najdorf: Unusual White 6th moves, 6 Be3 Ng4 and 6 Be3 e5} 8. Bg5 Be6 9. Bxf6 Qxf6 10. Nd5 Qd8 11. Qd3 Nd7 {LiveBook: 34 Games} 12. O-O-O Rc8 13. Kb1 {[#]} b5 $146 ({Predecessor:} 13... g6 14. g3 Bg7 15. Nec3 {½-½ (44) Ganguly,S (2668)-Nepomniachtchi,I (2767) Doha 2016}) 14. h4 Bxd5 15. Qxd5 Nf6 16. Qb7 Qc7 17. Qxc7 Rxc7 18. f3 Rc5 19. Nc3 Be7 20. a4 {[%cal Ra4b5]} b4 (20... O-O $11) 21. Na2 $16 a5 22. Bb5+ Kf8 23. Nc1 {Black must now prevent Nb3.} Rc7 24. Nb3 Ra7 25. Nd2 d5 {[#]} (25... Rh6 $142) 26. exd5 $1 Nxd5 27. Nc4 Nf4 28. Rd2 Ng6 (28... f6 $16) 29. g3 {[%cal Bg2g3,Bg3f4][%mdl 32]} f5 30. Ne3 f4 31. gxf4 Nxh4 (31... Nxf4 $16 {was called for.} 32. Nc4 Ng6) 32. fxe5 $18 g5 33. Bc6 (33. f4 $18) 33... Kg7 {[#]} (33... Ng6 $16) 34. Be4 $1 Rf8 35. Rd5 Rd8 $2 (35... Rf4 36. Rd3 Nxf3) 36. Rb5 Rd4 $2 {[#]} (36... b3 37. Rxb3 Rd2) 37. Rxh4 $1 {[%mdl 512]} gxh4 38. Nf5+ Kf7 39. Nxd4 Bg5 40. e6+ {Precision: White = 70%, Black = 35%.} 1-0

[Event "22nd Hoogeveen Open 2018"]
[Site "Hoogeveen"]
[Date "2018.10.21"]
[Round "2"]
[White "Colijn, Stefan"]
[Black "Safarli, Eltaj"]
[Result "0-1"]
[WhiteElo "2340"]
[BlackElo "2676"]
[Annotator "TA"]
[PlyCount "44"]
[EventDate "2018.10.20"]
[EventType "swiss"]
[EventCountry "NED"]
[SourceTitle "playchess.com"]
[Source "ChessBase"]
[SourceQuality "1"]

{[%evp 12,44,-12,-21,-6,-9,0,-50,14,-50,-33,-39,-50,-37,-35,-20,-37,-27,-11,-58,-24,-159,-146,-168,-131,-225,-212,-204,-156,-294,-262,-291,-291,-291,-291]} 1. Nf3 Nf6 2. c4 g6 3. g3 Bg7 4. Bg2 d5 5. O-O d4 6. e3 {A07: Réti Opening: New York and Capablanca Systems} Nc6 7. d3 {LiveBook: 5 Games} dxe3 8. fxe3 {The position is equal.} e5 $146 ({Predecessor:} 8... O-O 9. Nc3 Bg4 10. h3 Bxf3 11. Bxf3 Qd6 12. Kh2 Rad8 13. d4 {1-0 (39) Miles,A (2590)-Murey,J London 1981}) 9. d4 Bg4 (9... O-O $15) 10. Qa4 (10. Qb3 $1 $11 Rb8 11. Qa3 (11. Nxe5 Nxe5 12. dxe5 Nd7 $15)) 10... exd4 11. Nxd4 O-O 12. Nxc6 bxc6 13. Qxc6 Rb8 14. Nc3 Nd7 {[%cal Bf6d7,Bd7e5,Be5c4,Bc4b2][%mdl 32]} 15. h3 Ne5 $36 {[%mdl 2048] Black has the initiative.} 16. Qa6 {[#]} (16. Qd5 $1 $11 Be6 17. Qxd8 Rfxd8 18. Nd5) 16... Be6 $1 $17 {[%cal Re6c4]} 17. Qxa7 Nxc4 18. a4 (18. Qc5 $17) 18... Nxb2 $19 19. Nb5 Bc4 {...Nxa4! is the strong threat.} 20. Qxc7 (20. Bxb2 $17 Bxb2 21. Rad1) 20... Bxf1 {Black has a decisive advantage.} 21. Bxb2 Bxb5 ({But not} 21... Bxb2 22. Rxf1 Qxc7 23. Nxc7 $19) 22. Qxd8 Rfxd8 {Precision: White = 28%, Black = 59%.} 0-1

[Event "22nd Hoogeveen Open 2018"]
[Site "Hoogeveen"]
[Date "2018.10.21"]
[Round "2"]
[White "Tomilova, Elena"]
[Black "Romanov, Evgeny"]
[Result "0-1"]
[WhiteElo "2328"]
[BlackElo "2614"]
[Annotator "TA"]
[PlyCount "70"]
[EventDate "2018.10.20"]
[EventType "swiss"]
[EventCountry "NED"]
[SourceTitle "playchess.com"]
[Source "ChessBase"]
[SourceQuality "1"]

{[%evp 9,70,60,91,49,56,51,48,47,77,60,96,5,3,-1,0,0,0,-22,-20,-33,-29,-67,-73,-100,-86,-132,-107,-107,-105,-117,-109,-103,-110,-173,-81,-111,-112,-135,-109,-109,-109,-111,-100,-94,-110,-107,-102,-126,-132,-304,-255,-513,-250,-252,-252,-785,-763,-831,-827,-781,-781,-6129,-5892]} 1. Nf3 d6 2. d4 Bg4 3. e4 Nd7 4. h3 Bh5 5. Nc3 e5 (5... c6 6. Qe2 e5 7. g4 Bg6 8. Bg2 Be7 9. h4 h6 10. Bd2 Ngf6 11. Bh3 Qb6 12. dxe5 dxe5 {1-0 (30) Riazantsev,A (2671)-Plat,V (2532) Tallinn 2016}) 6. Be2 {A41: 1 d4 d6: Tartakower System and Modern Defence} Ngf6 7. Be3 Be7 8. Qd3 {White is slightly better.} c6 9. O-O-O Qc7 10. dxe5 $146 ({Better is} 10. g4 $16 Bg6 11. Nh4) ({Predecessor:} 10. g4 Bg6 11. Nd2 d5 {0-1 (31) Bajak,A-Varadi,V (2370) Szombathely 2003}) 10... dxe5 $11 11. g4 Bg6 12. g5 Nh5 $1 13. Qc4 O-O-O $1 14. a4 Nf4 {Hoping for ...Nb6.} 15. Bxf4 ({Wrong is} 15. Bxa7 $2 Nxe2+ 16. Nxe2 Bh5 $19) 15... exf4 16. h4 {[#] Black must now prevent h5.} Bh5 $1 17. Qb3 Bxf3 18. Bxf3 {Threatens to win with Bg4.} Ne5 19. Ne2 Rxd1+ 20. Rxd1 Qb6 21. Bg4+ (21. Qxb6 $17 axb6 22. Bg2) 21... Kc7 (21... Nxg4 $19 22. Qh3 h5 23. gxh6 f5 24. hxg7 Rg8) 22. Qxb6+ Kxb6 23. f3 h6 24. gxh6 Rxh6 25. h5 Nxg4 26. fxg4 $17 {[%mdl 4096] Endgame KRB-KRN} Bg5 27. Nd4 f3+ $1 {[%cal Bf4f3,Bf3f2][%mdl 32]} 28. Kb1 Rd6 29. a5+ $2 (29. b4 $17) 29... Ka6 $19 30. e5 $2 (30. b4 f2 31. c3) 30... Rd8 (30... Rd5 $142 31. b4 f2) 31. b4 Bf4 32. c4 $2 (32. c3 Bxe5 33. Kc2) 32... f2 {Black is clearly winning.} 33. b5+ cxb5 34. cxb5+ Kxa5 {[#] And now ...Rxd4! would win.} 35. Nb3+ Kb4 {Precision: White = 27%, Black = 69%.} 0-1

[Event "22nd Hoogeveen Open 2018"]
[Site "Hoogeveen"]
[Date "2018.10.21"]
[Round "2"]
[White "Van Kooten, Luuk"]
[Black "Kryakvin, Dmitry"]
[Result "0-1"]
[WhiteElo "2320"]
[BlackElo "2595"]
[Annotator "TA"]
[PlyCount "48"]
[EventDate "2018.10.20"]
[EventType "swiss"]
[EventCountry "NED"]
[SourceTitle "playchess.com"]
[Source "ChessBase"]
[SourceQuality "1"]

{[%evp 17,48,-2,-3,-16,-12,-21,-18,-67,-57,-71,-26,-20,-20,-24,-30,-60,-60,-67,-68,-60,-59,-60,-54,-72,-75,-97,-87,-125,-64,-143,-145,-294,-298]} 1. e4 c6 2. d4 d5 3. e5 Bf5 4. Nf3 e6 5. Be2 Ne7 {[%cal Bg8e7,Be7d5,Bd5b4,Bb4d3][%mdl 32]} 6. O-O c5 7. c4 Nbc6 8. Nc3 {B12: Caro-Kann: Advance Variation} (8. dxc5 dxc4 9. Na3 Nd5 10. Nxc4 Bxc5 11. Bg5 Qd7 12. a3 O-O 13. b4 Bb6 14. Rc1 h6 15. Be3 Rfd8 16. Bxb6 Nxb6 17. Qxd7 Rxd7 {1-0 (67) Vachier Lagrave,M (2779)-Mamedyarov,S (2801) Saint Louis 2018}) 8... dxc4 9. dxc5 Nd5 {LiveBook: 3 Games} 10. Nb5 {The position is equal.} Bxc5 11. Bxc4 O-O $146 ({Predecessor:} 11... a6 12. Nbd4 Ndb4 13. Qa4 Kf8 14. Bd5 Qxd5 {½-½ (14) Shibaev,F (2301)-Kurtvapov,R (2218) Krasnodar 2002}) 12. Nbd4 Nxd4 13. Nxd4 Bxd4 (13... Nb6 {seems wilder.} 14. Nxf5 Nxc4 15. Nh6+ Kh8 16. Qe2 Rc8) 14. Qxd4 Nb4 15. Qxd8 Rfxd8 16. Bg5 Rdc8 $36 {[%mdl 2048] Black has the initiative.} 17. b3 Bd3 18. Bxd3 Nxd3 19. f4 $1 Nb4 20. Rad1 Nd5 {...Ne3 is the strong threat.} 21. Rd3 Rc2 22. Rf2 Rac8 23. Rxc2 (23. f5 $15) 23... Rxc2 $17 24. a3 (24. f5 $17 {is a better defense.}) 24... h6 {Precision: White = 22%, Black = 94%.} 0-1

[Event "22nd Hoogeveen Open 2018"]
[Site "Hoogeveen"]
[Date "2018.10.21"]
[Round "2"]
[White "Den Hartog, Marijn"]
[Black "Achuthan, Dylan"]
[Result "1-0"]
[WhiteElo "2296"]
[BlackElo "1751"]
[Annotator "NA"]
[PlyCount "51"]
[EventDate "2018.10.20"]
[EventType "swiss"]
[EventCountry "NED"]
[SourceTitle "playchess.com"]
[Source "ChessBase"]
[SourceQuality "1"]
[TimeControl "40/5400+30:1800+30"]

{[%evp 8,51,19,41,24,32767,24,32767,32767,32767,32767,32767,66,32767,62,67,47,47,32767,32767,32767,32767,32767,81,126,101,32767,59,103,3,21,16,-3,-40,46,33,32767,69,32767,32767,32767,32767,32767,275,533,700]} 1. d4 {[%emt 0:00:00]} Nf6 {[%emt 0:00:00]} 2. c4 {[%emt 0:00:00]} g6 {[%emt 0:00:22]} 3. g3 {[%emt 0:00:06]} Bg7 {[%emt 0:00:16]} 4. Bg2 {[%emt 0:00:04]} c5 {[%emt 0:00:42]} 5. d5 {[%emt 0:01:15]} d6 {[%emt 0:00:47] LiveBook: 118 Games} 6. e4 {[%emt 0:01:31]} O-O {[%emt 0:02:11]} 7. Ne2 {[%emt 0:00:56]} Nbd7 {[%emt 0:01:32]} 8. O-O {[%emt 0:04:56]} Rb8 {[%emt 0:02:16] E60: King's Indian: Unusual lines and Fianchetto Variation without Nc3} 9. a4 {[%emt 0:09:03]} a6 {[%emt 0:04:42]} 10. Na3 $146 {[%emt 0:04:27]} ({Predecessor:} 10. Nbc3 Ne8 11. Qc2 Nc7 {1-0 (34) Burmakin,V (2579)-La Manna,A (2193) Arco 2012}) 10... Re8 {[%emt 0:12:20]} 11. Nc3 {[%emt 0:12:33]} Nf8 {[%emt 0:05:54]} 12. Qd3 {[%emt 0:17:42]} Qc7 {[%emt 0:09:53]} 13. h3 {[%emt 0:09:59]} Bd7 {[%emt 0:01:43]} 14. Bd2 {[%emt 0:03:44]} Rbd8 {[%emt 0:00:49]} 15. f4 {[%emt 0:01:47]} h5 {[%emt 0:05:59]} 16. Rae1 {[%emt 0:03:48]} e6 {[%emt 0:03:43]} 17. e5 {[%emt 0:00:34]} N6h7 {[%emt 0:01:10]} 18. exd6 {[%emt 0:00:54]} (18. Qf3 $16) 18... Qxd6 {[%emt 0:00:35]} 19. Ne4 {[%emt 0:00:03]} Qb6 {[%emt 0:01:16]} 20. Kh2 {[%emt 0:05:04]} exd5 {[%emt 0:01:29]} (20... Bxa4 $15 21. Be3 exd5 22. cxd5 Bd4) 21. cxd5 {[%emt 0:00:09]} Bxa4 {[%emt 0:01:36]} 22. f5 {[%emt 0:08:43]} Bb3 {[%emt 0:04:18]} 23. d6 {[%emt 0:04:31]} Nd7 {[%emt 0:02:05]} 24. fxg6 {[%emt 0:01:53]} fxg6 {[%emt 0:00:22]} 25. Ng5 {[%emt 0:02:29]} Ne5 $18 {[%emt 0:00:52]} (25... Nxg5 {keeps fighting.} 26. Bxg5 Kh7) 26. Bd5+ {[%emt 0:00:13]} 1-0

[Event "22nd Hoogeveen Open 2018"]
[Site "Hoogeveen"]
[Date "2018.10.21"]
[Round "2"]
[White "De Boer, Eelke"]
[Black "Iniyan, P."]
[Result "1-0"]
[WhiteElo "2285"]
[BlackElo "2476"]
[Annotator "TA"]
[PlyCount "83"]
[EventDate "2018.10.20"]
[EventType "swiss"]
[EventCountry "NED"]
[SourceTitle "playchess.com"]
[Source "ChessBase"]
[SourceQuality "1"]

{[%evp 28,83,43,14,29,33,45,29,43,0,0,13,8,18,27,6,219,218,218,202,232,241,240,232,298,209,227,241,285,292,275,222,180,131,217,227,242,236,439,172,393,344,324,320,627,702,658,650,785,767,764,731,1231,1134,1227,1122,1525,1562]} 1. e4 c5 2. Nf3 d6 3. d4 cxd4 4. Nxd4 a6 5. c4 Nf6 6. Nc3 e6 7. Be2 Be7 8. O-O O-O 9. Be3 Qc7 10. Rc1 b6 11. Qd2 Bb7 12. f3 Nbd7 13. b4 Rac8 14. Rfd1 Qb8 {A31: Symmetrical English: 2 Nf3 Nf6 3 d4} 15. Nb3 {[#] LiveBook: 16 Games} Ne5 $146 ({Predecessor:} 15... Rfe8 16. Kh1 Bc6 17. Bf1 Ne5 18. Bg1 Nfd7 19. a3 Bb7 20. Na4 Bc6 21. Nb2 Ng6 22. Be3 Bf8 23. Rc2 Nf6 24. Rdc1 Nd7 25. Qf2 d5 26. cxd5 exd5 {1-0 (26) Ivanchuk,V (2769)-Kotsur,P (2548) Astana 2012}) 16. Na4 Nfd7 {White is slightly better.} 17. Nb2 Nf6 18. Na4 b5 19. Nb6 Rcd8 20. cxb5 axb5 21. Na5 {aiming for Qc3.} Ba8 $2 {[#]} (21... d5 $11 {and Black is okay.} 22. Qb2 (22. Bxb5 $2 dxe4 23. Bd4 exf3 $19) (22. Nxb7 Qxb7 23. Qb2 Nc4 $11) 22... Nc4 23. Bxc4 dxc4) 22. Nxa8 $18 ({And not} 22. Bxb5 d5 $15) 22... Qxa8 23. Rc7 ({Much less strong is} 23. Bxb5 $6 d5 $16) 23... Rd7 24. Rxd7 Nexd7 25. Bxb5 {Strongly threatening Nc6.} Ne5 26. Rc1 Qb8 {[#]} 27. Qe2 $1 Rc8 28. Rxc8+ Qxc8 29. f4 Ng6 30. Qd3 d5 (30... Ng4 $16 {was worth a try.}) 31. e5 Ng4 32. Nc6 Qb7 $2 (32... Nxe3 33. Qxe3 Bf8) 33. a4 $2 (33. Nxe7+ Nxe7 34. Bc5) 33... Bf8 $2 (33... Nxe3 {was called for.} 34. Qxe3 Bf8) 34. Bd2 Ne7 35. Nd4 Nf5 $2 (35... Nh6 36. a5 Qa7) 36. Nxf5 {White is clearly winning.} exf5 37. Qd4 Be7 38. Be2 Qc6 39. h3 Nh6 40. a5 {[%cal Ba4a5,Ba5a6][%mdl 32]} f6 41. a6 Bd8 42. b5 {Precision: White = 54%, Black = 11%.} 1-0

[Event "22nd Hoogeveen Open 2018"]
[Site "Hoogeveen"]
[Date "2018.10.21"]
[Round "2"]
[White "Hamblok, Roel"]
[Black "Kevlishvili, Robby"]
[Result "0-1"]
[WhiteElo "2275"]
[BlackElo "2461"]
[Annotator "TA"]
[PlyCount "64"]
[EventDate "2018.10.20"]
[EventType "swiss"]
[EventCountry "NED"]
[SourceTitle "playchess.com"]
[Source "ChessBase"]
[SourceQuality "1"]

{[%evp 14,64,-17,-19,-12,-25,-37,-10,0,-88,-91,-126,-130,-116,-108,-117,-79,-191,-183,-186,-187,-178,-184,-204,-203,-287,-282,-288,-283,-342,-253,-273,-272,-290,-298,-331,-289,-287,-304,-300,-271,-271,-266,-478,-379,-394,-397,-377,-398,-385,-396,-1097,-1079]} 1. c4 e5 2. Nc3 Nf6 3. Nf3 Nc6 4. e3 Bb4 5. Qc2 O-O 6. a3 Bxc3 {A28: English Opening: Four Knights Variation} 7. Qxc3 Re8 8. d3 {LiveBook: 17 Games} a5 {The position is equal.} 9. b3 d5 10. cxd5 Nxd5 11. Qc2 {[#]} (11. Qc4 $11 {keeps the balance.}) 11... Nd4 $146 {[%cal Rd4c2][%mdl 512]} ({Predecessor:} 11... Qf6 12. Be2 Qg6 13. Bb2 {1-0 (57) Neiksans,A (2627)-Berzinsh,R (2408) Tallinn 2017}) 12. Qb2 (12. exd4 exd4+ 13. Be2 Nc3) 12... Nxf3+ 13. gxf3 Qf6 14. Be2 Qg6 {White must now prevent ...Qg2.} 15. Bd2 (15. e4 $17 {might work better.}) 15... Qg2 $36 {[%mdl 2048] White is under strong pressure.} 16. Rf1 Qxh2 17. O-O-O Bh3 18. Rh1 Qxf2 19. Rde1 (19. Rxh3 $142 Qxe2 20. e4) 19... Bg2 (19... Nxe3 20. Rxh3 Ra6 21. Bd1 $15) 20. Rhg1 Nxe3 21. Kb1 Nf5 {[%cal Be3f5,Bf5d4,Bd4f3][%mdl 32]} ({Inferior is} 21... Bxf3 22. Bxf3 Qxf3 23. Rxe3 $11) 22. Bd1 Nd4 23. Qc1 {intending Be3.} Nxf3 24. Be3 Qh4 25. Bxf3 Bxf3 26. Bg5 Qh3 27. Bf6 {[#]} g6 $1 {...Qf5 is the strong threat.} 28. Rg5 $2 (28. Rxe5 Rxe5 29. Bxe5) 28... Qe6 29. Rgxe5 Qxb3+ ({Weaker is} 29... Qxf6 30. Rxe8+ Rxe8 31. Rxe8+ Kg7 32. Qxc7 $17) 30. Ka1 Rxe5 31. Bxe5 Bd5 {[%csl Gd5][%cal Rb3a2]} 32. Re2 $2 (32. Qb2) 32... Re8 {Precision: White = 55%, Black = 83%.} 0-1

[Event "22nd Hoogeveen Open 2018"]
[Site "Hoogeveen"]
[Date "2018.10.21"]
[Round "2"]
[White "Ojas Kulkarni"]
[Black "Thrish Karthik"]
[Result "1-0"]
[WhiteElo "2254"]
[BlackElo "2116"]
[Annotator "NA"]
[PlyCount "55"]
[EventDate "2018.10.20"]
[EventType "swiss"]
[EventCountry "NED"]
[SourceTitle "playchess.com"]
[Source "ChessBase"]
[SourceQuality "1"]
[TimeControl "40/5400+30:1800+30"]

1. c4 {[%emt 0:00:00]} d6 {[%emt 0:00:00]} 2. g3 {[%emt 0:00:11]} g6 {[%emt 0:00:58]} 3. Bg2 {[%emt 0:00:11]} Bg7 {[%emt 0:00:05]} 4. Nc3 {[%emt 0:00:21]} Nf6 {[%emt 0:00:46]} 5. e3 {[%emt 0:00:27]} O-O {[%emt 0:01:31]} 6. Nge2 {[%emt 0:00:06]} c6 {[%emt 0:03:04]} 7. d4 {[%emt 0:06:21]} Nbd7 {[%emt 0:08:06]} 8. b3 {[%emt 0:01:59] LiveBook: 5 Games E61: King's Indian: Early deviations for White, including Smyslov System} Qc7 {[%emt 0:06:34]} (8... Rb8 9. O-O Re8 10. a4 a5 11. Ba3 Nf8 12. Qd2 Ne6 13. Rad1 Bd7 14. h3 b5 15. cxb5 cxb5 16. Nxb5 Bxb5 17. axb5 Rxb5 {½-½ (82) Wang,Y (2736)-Nguyen,N (2567) Beijing 2008}) 9. Bb2 {[%emt 0:02:10]} Rd8 {[%emt 0:03:50]} 10. O-O {[%emt 0:04:04]} e5 {[%emt 0:06:41]} 11. d5 {[%emt 0:05:52]} c5 $146 {[%emt 0:04:35]} (11... Nc5 $11 {remains equal.}) ({Predecessor:} 11... a6 12. Qd2 c5 13. a4 Re8 14. e4 Nf8 15. h3 Re7 16. f4 exf4 17. gxf4 Ne8 {½-½ (44) Shagbazyan,T (2406)-Obolentseva,A (2283) Voronezh 2017}) 12. Qd2 {[%emt 0:02:22]} Nf8 {[%emt 0:02:54]} 13. e4 {[%emt 0:04:00]} h5 {[%emt 0:05:49]} 14. f4 {[%emt 0:02:20]} exf4 {[%emt 0:11:21]} 15. gxf4 {[%emt 0:00:46]} Qe7 {[%emt 0:01:20]} 16. Rae1 {[%emt 0:11:32]} h4 {[%emt 0:09:11]} 17. e5 {[%emt 0:24:36]} dxe5 {[%emt 0:05:31]} 18. fxe5 {[%emt 0:00:07]} Ng4 {[%emt 0:02:34]} 19. Nf4 {[%emt 0:01:58]} Nxe5 {[%emt 0:06:36]} 20. Nd3 {[%emt 0:04:21]} h3 {[%emt 0:02:49]} 21. Nxe5 {[%emt 0:00:24]} Bxe5 {[%emt 0:04:06]} 22. Rxe5 {[%emt 0:00:30]} Qxe5 {[%emt 0:04:06]} 23. Ne4 {[%emt 0:00:13]} hxg2 {[%emt 0:02:54]} 24. Nf6+ {[%emt 0:00:39]} Kg7 {[%emt 0:00:56]} 25. Bxe5 {[%emt 0:08:15]} gxf1=Q+ {[%emt 0:00:27]} 26. Kxf1 {[%emt 0:00:06]} Nh7 {[%emt 0:03:07]} 27. Qf4 {[%emt 0:00:27]} (27. Nxh7+ $142 f6 28. Bxf6+ Kxh7 29. Bxd8 Bf5 30. Qe3 Bd3+ 31. Kg2 Bf5 32. Bf6) 27... Bf5 {[%emt 0:01:18]} 28. Nxh7+ $18 {[%emt 0:00:14]} (28. Qh4 $142 Ng5 29. d6 Rxd6 30. Ne8+ Kf8 31. Nxd6 Bd3+ 32. Kf2 Ne4+ 33. Nxe4 Bxe4 34. Qh8+ Ke7 35. Qxa8) 1-0

[Event "22nd Hoogeveen Open 2018"]
[Site "Hoogeveen"]
[Date "2018.10.21"]
[Round "2"]
[White "Kokje, Joris"]
[Black "Karthikeyan, P.."]
[Result "0-1"]
[WhiteElo "2232"]
[BlackElo "2443"]
[Annotator "TA"]
[PlyCount "89"]
[EventDate "2018.10.20"]
[EventType "swiss"]
[EventCountry "NED"]
[SourceTitle "playchess.com"]
[Source "ChessBase"]
[SourceQuality "1"]

{[%evp 9,89,20,18,3,25,-14,14,-12,-10,-12,-16,0,14,0,4,-42,-29,-37,-38,-33,-25,-27,-36,-38,-26,-29,-39,-30,-23,-32,-26,-46,-41,-103,-97,-231,-237,-217,-235,-286,-286,-277,-276,-386,-417,-405,-384,-411,-414,-404,-412,-443,-417,-413,-403,-494,-460,-810,-810,-797,-787,-810,-810,-791,-753,-844,-677,-648,-641,-648,-593,-704,-693,-742,-742,-742,-742,-742,-737,-699,-625,-660]} 1. d4 d5 2. c4 dxc4 3. e3 e5 4. Bxc4 Nc6 (4... exd4 5. exd4 Nf6 6. Nf3 Bd6 7. Qe2+ Qe7 8. Qxe7+ Bxe7 9. O-O O-O 10. Re1 Bd6 11. Nc3 a6 12. Bg5 Nbd7 13. a4 h6 14. Bh4 g5 15. Bg3 Kg7 16. Bb3 Re8 17. Ne5 Re7 {½-½ (17) Li,C (2724)-Alekseenko,K (2625) Qinhuangdao 2018}) 5. Ne2 Bd6 6. Nbc3 {D20: Angenommenes Damengambit} Nf6 7. a3 a6 8. b4 $146 {Die Stellung ist ausgeglichen.} ({Vorgänger:} 8. d5 Ne7 9. e4 O-O 10. O-O Ng6 11. Kh1 {0-1 (37) Rueggeberg,W-Schlag,F (2147) Bad Woerishofen 2002}) 8... exd4 9. Nxd4 Nxd4 10. Qxd4 b5 11. Bb3 Bb7 12. O-O Qe7 {[#] zielt auf ...Le5 ab.} 13. Bb2 Be5 14. Qd2 Rd8 15. Qe2 O-O 16. Rfd1 c5 17. bxc5 $1 Qxc5 18. Rac1 Qe7 19. h3 h6 20. Ba2 Bd6 21. a4 (21. Nb1 $15) 21... bxa4 $17 {[%cal Bb5a4,Ba4a3][%mdl 32]} 22. Bc4 (22. Nb1 $17) 22... a3 $19 ({Schwächer ist} 22... Qe5 23. f4 $17) 23. Ba1 {[#]} Qe5 $1 $40 {[%cal Re5h2][%mdl 128] ( -> ...Dh2+). Schwarz will per K.O. gewinnen.} 24. g3 Qf5 25. Qf1 Be5 26. Kh2 Rxd1 27. Rxd1 Rc8 28. Bd3 Qe6 29. Ne2 Ne4 30. Bxe5 Qxe5 31. Nd4 Qf6 32. Kg1 a2 {Schwarz steht klar auf Gewinn.} 33. Ra1 (33. f3 $142 Nxg3 34. Qf2) 33... Nd2 34. Qd1 Nf3+ 35. Nxf3 Bxf3 36. Qf1 Qb2 37. Re1 Rd8 38. Bc4 {und die Idee Ta1 ließe Weiss weiter hoffen.} Rd2 39. e4 Bh5 40. e5 Bg6 41. e6 fxe6 42. Rxe6 Kh7 43. Rxa6 Qb1 {Droht stark ...Td1.} 44. Ra8 Qxf1+ 45. Bxf1 {Precision: Weiß = 41%, Schwarz = 83%.} 0-1